| 000 | 00465nam a2200169 a 4500 | ||
|---|---|---|---|
| 001 | 10031 | ||
| 005 | 20180713194054.0 | ||
| 008 | 140415s1987 mx 000 0 spa d | ||
| 041 | _aspa | ||
| 082 |
_a658.88 _bHAY |
||
| 100 | 1 | _aHAYES, STEPHAN | |
| 245 | 1 | 0 |
_aCREDITO Y COBRANZAS : _bGUIA PRACTICA |
| 250 | _a1a ed. | ||
| 260 |
_aMEXICO : _bEDICIONES CONTABLES Y ADMINISTRATIVAS, _c1987 |
||
| 300 | _a333 | ||
| 650 | 1 | 4 | _aADMINISTRACION DE CREDITOS |
| 999 |
_c10031 _d10031 |
||